Tratado en el qual se da razónb del Instituto de la religión de la compañía de Jesús

Detalles Bibliográficos
Autor principal: RIVADENEIRA, Pedro de
Formato: Libro
Publicado: Salamanca 1730
Materias:
Colección:Banco de datos
Acervo:Biblioteca del Museo Regional de Querétaro. INAH. Querétaro
Tema general:Religiosos
Notas:Regular. 2E5, 11
LEADER 00703nam a22001930004500
035 |a 29786 
036 |a 3495 
100 1 |a RIVADENEIRA, Pedro de 
245 1 0 |a Tratado en el qual se da razónb del Instituto de la religión de la compañía de Jesús 
260 |a Salamanca  |b Eugenio García de Honorato  |c 1730 
500 |a Regular. 2E5, 11 
650 1 0 |a Religiosos 
949 |a C.R.Q. 
959 |a Ex convento Grande de San Francisco de la ciudad de Querétaro, Museo Regional de Querétaro  |b CCC2 
960 |a Colección General, Querétaro  |b DD80 
961 |a Varias Ordenes Religiosas  |b VO 
942 |c C.R.Q. 
943 |g Biblioteca del Museo Regional de Querétaro. INAH. Querétaro 
999 |c 986102  |d 986102